Computer models of the shoe, leather, hide sequence.

Bibliographic Details
Main Author: Cohen, Kalman J.
Format: Book
Language:English
Published: Englewood Cliffs, N.J. : Prentice-Hall, 1960.
Series:Doctoral dissertation series (Ford Foundation)
Subjects:

MARC

Tag First Indicator Second Indicator Subfields
LEADER 00000cam a2200000 4500
001 in00000237921
005 20151009091758.0
008 721003s1960 njua b 00000 eng
010 |a  60011584  
035 |a (OCoLC)00421754 
035 |9 ABA4999AM 
040 |c URB  |d TXA  |d UtOrBLW 
049 |a TXAM  |c [333319] 
050 0 |a HD9780.A2  |b C6 
082 0 |a 338.47685 
100 1 |a Cohen, Kalman J. 
245 1 0 |a Computer models of the shoe, leather, hide sequence. 
264 1 |a Englewood Cliffs, N.J. :  |b Prentice-Hall,  |c 1960. 
300 |a xii, 156 pages :  |b diagrams ;  |c 24 cm. 
336 |a text  |b txt  |2 rdacontent 
337 |a unmediated  |b n  |2 rdamedia 
338 |a volume  |b nc  |2 rdacarrier 
490 1 |a The Ford Foundation doctoral dissertation series 
504 |a Bibliography: pages 155-156. 
650 0 |a Leather industry and trade  |x Mathematical models. 
830 0 |a Doctoral dissertation series (Ford Foundation) 
999 |a MARS 
999 f f |s d2fcce40-5978-31b4-8de0-b239dcc53778  |i ba22e5ac-a225-32e8-b9c1-758dc88e0201  |t 0 
952 f f |p ric  |a Texas A&M University  |b Rellis Campus  |c Joint Library Facility  |d Remote Storage  |t 0  |e HD9780.A2 C6  |h Library of Congress classification  |i unmediated -- volume  |m A14802741683 
998 f f |a HD9780.A2 C6  |t 0  |l Remote Storage